书目信息 |
| 题名: |
灾后扶贫与社区治理
|
|
| 作者: | 王卓 著 | |
| 分册: | ||
| 出版信息: | 北京 社会科学文献出版社 2014 |
|
| 页数: | 429页 | |
| 开本: | 24cm | |
| 丛书名: | ||
| 单 册: | ||
| 中图分类: | D632.5 , F323.8 | |
| 科图分类: | ||
| 主题词: | 地震灾害--灾区--重建--研究--中国 , 农村--扶贫--研究--中国 , 社区管理--研究--中国 , 地震灾害 , 灾区 , 重建 , 农村 , 扶贫 , 社区管理 | |
| 电子资源: | ||
| ISBN: | 978-7-5097-5529-7 | |
| 000 | 01346nam0 2200361 450 | |
| 001 | 523 | |
| 005 | 20140905100716.37 | |
| 010 | @a978-7-5097-5529-7@dCNY96.00 | |
| 100 | @a20140305d2014 em y0chiy50 ea | |
| 101 | 0 | @achi |
| 102 | @aCN@b110000 | |
| 105 | @aa z 000yy | |
| 106 | @ar | |
| 200 | 1 | @a灾后扶贫与社区治理@AZai Hou Fu Pin Yu She Qu Zhi Li@dPoverty alleviation and rural governance after earthquake@f王卓等著@FWang Zhuo Deng Zhu@zeng |
| 210 | @a北京@c社会科学文献出版社@d2014 | |
| 215 | @a429页@c图,照片@d24cm | |
| 300 | @a国家“985工程”四川大学社会矛盾与社会管理研究创新基地资助 | |
| 330 | @a本书由两个部分组成,第一部分是关于2008年四川汶川“5·12”特大地震灾害对个人、家庭、社区以及国家和社会关系的影响探究,第二部分是特大地震发生之后,部分受灾严重的地区、家庭和个人在2011-2012年社会经济生活方面的案例素描和分析。 | |
| 510 | 1 | @aPoverty alleviation and rural governance after earthquake@zeng |
| 606 | 0 | @a地震灾害@x灾区@x重建@x研究@y中国 |
| 606 | 0 | @a农村@x扶贫@x研究@y中国 |
| 606 | 0 | @a社区管理@x研究@y中国 |
| 606 | 0 | @a地震灾害 |
| 606 | 0 | @a灾区 |
| 606 | 0 | @a重建 |
| 606 | 0 | @a农村 |
| 606 | 0 | @a扶贫 |
| 606 | 0 | @a社区管理 |
| 690 | @aD632.5@v5 | |
| 690 | @aF323.8@v5 | |
| 701 | 0 | @a王卓@AWang Zhuo@c(女,@f1965~)@4著 |
| 801 | 0 | @aCN@bTANGWEI@c20140603 |
| 905 | @b0839986-88@dD632.5@e208@f3 | |
| 灾后扶贫与社区治理=Poverty alleviation and rural governance after earthquake/王卓等著.-北京:社会科学文献出版社,2014 |
| 429页:图,照片;24cm |
| 国家“985工程”四川大学社会矛盾与社会管理研究创新基地资助 |
| ISBN 978-7-5097-5529-7:CNY96.00 |
| 本书由两个部分组成,第一部分是关于2008年四川汶川“5·12”特大地震灾害对个人、家庭、社区以及国家和社会关系的影响探究,第二部分是特大地震发生之后,部分受灾严重的地区、家庭和个人在2011-2012年社会经济生活方面的案例素描和分析。 |
| ● |
| 相关链接 |
|
|
|
|
正题名:灾后扶贫与社区治理
索取号:D632.5/208
 
预约/预借
| 序号 | 登录号 | 条形码 | 馆藏地/架位号 | 状态 | 备注 |
| 1 | 0839986 | 208399865 | 第一样本阅览室/ [索取号:D632.5/208] | 在馆 | |
| 2 | 0839987 | 208399874 | 密集书库-史法系/ [索取号:D632.5/208] | 在馆 | |
| 3 | 0839988 | 208399883 | 第一借阅区/ [索取号:D632.5/208] | 在馆 |